Star Wars Battlefront II(2017) Quiz - Statistics

General Stats
  • This quiz has been taken 143 times
  • The average score is 5 of 13
Answer Stats
Hint Answer % Correct
Green Jedi Master confirmed for game Yoda
99%
Year of Release 2017
97%
Name of campaign protagonist Iden Versio
81%
The campaign follows ... squad Inferno Squad
57%
Name of the space combat mode Starfighter Assault
51%
All of these will be free and be called seasons DLC
27%
Name of Grevious’ legendary skin Shattered
26%
Newest Galactic Assault Map Geonosis
21%
Second season based on... Solo
18%
First Season’s name The Last Jedi
18%
Gamemode added in Han Solo season from SWBF2015 Extraction
15%
Received criticism about paid... Microtransactions
9%
... System added in September 2018 Squad
8%
No matching quizzes found
Score Distribution
Percent of People with Each Score
Percentile by Number Answered
Your Score History
You have not taken this quiz